Décès liés aux principaux conflits dans le monde - Statistiques

Statistiques générales
  • Ce quiz a été pris 45 fois
  • Le résultat moyen est 3 sur 7
Statistiques - réponses
Nombre de morts Pays % Correct
Environ 70 000 Ukraine (février 2022)
90%
Environ 50 000 Irak (2013 à 2017)
79%
Environ 310 000 Afghanistan (1989 à 2021)
60%
+400 000 Syrie (2011)
57%
Environ 60 000 Bosnie-Herzégovine (1992 à 1995)
19%
Environ 280 000 Éthiopie (1989 à 2021)
19%
Environ 60 000 République démocratique du Congo (1996 à 1999)
7%
Aucun quiz correspondant
Distribution des résultats
% des personnes avec chaque résultat
Percentile par nombre de réponses
Votre historique - résultats
Vous n’avez pas pris ce quiz